000 00657nam a2200229Ia 4500
003 OSt
005 20220923220828.0
006 a|||||r|||| 00| 0
007 ta
008 220922b |||||||| |||| 00| 0 hin d
024 _a191,062
037 _cTextual
040 _aARTS
_cARTS
_bhin
041 _2hin
_ahin
082 _aR6892x1:2, 152G0
100 _aसन्तदास
_9156280
245 0 _aवेदान्त-दर्शन (ब्रहासूत्र)
246 _aVedānta-darshan (brahāsūtra)
260 _c1930
942 _hR6892x1:2, 152G0
_cTEXL
_2CC
999 _c343782
_d343782